00761nam a2200241Ia 450000500170000000800460001702000180006303700100008104000080009104000080009904000080010704100080011504100080012308400080013110000810013924500920022026000230031226000090033585600530034494200100039799900210040795200910042820260121154954.0008 260114s9999 xx 000 0 eng d a9781003140566 aEBOOK aCRL beng cCRL 2eng aeng qCRL a Jos‚ Manuel de Torres Perea; Edward Kruk; Margarita Ortiz-Tallo 91013779 4aThe Routledge International Handbook of Shared Parenting and Best Interest of the Child bTaylor and Francis c2021 uhttp://www.taylorfrancis.com/books/9781003140566 cEBOOK c1580598d1580598 00104070aCRLbCRLd2026-01-21l0pCL1818461r2026-01-21 15:49:54w2026-01-21yEBOOK